Les services de vulgarisation agricole en Europe et en Amérique du nord (Record no. 176737)

MARC details
000 -LEADER
campo de control de longitud fija 01021nam a22002175i 4500
001 - NÚMERO DE CONTROL
campo de control 176737
003 - IDENTIFICADOR DE NÚMERO DE CONTROL
campo de control ES-MaACL
005 - FECHA Y HORA DE LA ÚLTIMA TRANSACCIÓN
campo de control 20230906220154.0
008 - DATOS DE LONGITUD FIJA--INFORMACIÓN GENERAL
campo de control de longitud fija 110204s1961 fr ab |||| | fre d
080 ## - NÚMERO DE LA CLASIFICACIÓN DECIMAL UNIVERSAL
Número de la Clasificación Decimal Universal 373.68
245 04 - MENCIÓN DEL TÍTULO
Título Les services de vulgarisation agricole en Europe et en Amérique du nord
Resto del título : projet nº 6/14-I.
260 ## - PUBLICACIÓN, DISTRIBUCIÓN, ETC.
Lugar de publicación, distribución, etc. [Paris] :
Nombre del editor, distribuidor, etc. Agence Européenne de Productivité, Division de l'action technique et de la productivité dans l'agriculture et l'alimentation, Organisation Européenne de Coopération Économique,
Fecha de publicación, distribución, etc. 1961.
300 ## - DESCRIPCIÓN FÍSICA
Extensión 269 p. :
Otras características físicas il. bl. y n. ;
Dimensiones 24 cm.
490 1# - MENCIÓN DE SERIE
Mención de serie Alimentation et agriculture documentation. Série 1961 ;
Designación de volumen o secuencia 36
546 ## - NOTA DE IDIOMA
Nota de lengua/lenguaje Texto en francés.
650 04 - PUNTO DE ACCESO ADICIONAL DE MATERIA--TÉRMINO DE MATERIA
Término de materia o nombre geográfico como elemento de entrada Extensión agrícola.
9 (RLIN) 145048
710 0# - ENTRADA AGREGADA--NOMBRE DE ENTIDAD CORPORATIVA
Nombre de entidad corporativa o nombre de jurisdicción como elemento de entrada Organización de Cooperación y Desarrollo Económico.
Unidad subordinada Agencia Europea de Productividad.
9 (RLIN) 6056
830 0# - PUNTO DE ACCESO ADICIONAL DE SERIE-TÍTULO UNIFORME
Título uniforme Alimentation et agriculture documentation. Série 1961 ;
Designación de volumen o secuencia 36
9 (RLIN) 190217
852 ## - LOCALIZACIÓN
Ubicación ES-MaACL
Número de control de estantería E-14197
Encuadernación Olim P-969-bis
Holdings
Estatus retirado Estado de pérdida Estado de daño No para préstamo Biblioteca de origen Biblioteca actual Ubicación en estantería Fecha de adquisición Fuente de adquisición Total de préstamos Signatura topográfica completa Código de barras Visto por última vez Precio de reemplazo Tipo de ítem Koha
        Biblioteca del Ateneo de Madrid Biblioteca del Ateneo de Madrid Depósito 2 04/02/2011     E-14197 1185629 23/02/2023 23/02/2023 Libro impreso